Psychiatric & mental health nursing for Canadian practice / (Record no. 2344)

000 -LEADER
fixed length control field 01342cam a22003374a 4500
003 - CONTROL NUMBER IDENTIFIER
control field OSt
005 - DATE AND TIME OF LATEST TRANSACTION
control field 20210708085103.0
008 - FIXED-LENGTH DATA ELEMENTS--GENERAL INFORMATION
fixed length control field 091201s2010 paua b 001 0 eng
020 ## - INTERNATIONAL STANDARD BOOK NUMBER
International Standard Book Number 9780781795937 (alk. paper)
020 ## - INTERNATIONAL STANDARD BOOK NUMBER
International Standard Book Number 0781795931 (alk. paper)
040 ## - CATALOGING SOURCE
Transcribing agency DLC
042 ## - AUTHENTICATION CODE
Authentication code pcc
043 ## - GEOGRAPHIC AREA CODE
Geographic area code n-cn---
050 00 - LIBRARY OF CONGRESS CALL NUMBER
Classification number RC440
Item number .A87 2010
060 10 - NATIONAL LIBRARY OF MEDICINE CALL NUMBER
Classification number WY 160
Item number A9375p 2010
100 1# - MAIN ENTRY--PERSONAL NAME
Personal name Austin, Wendy,
Dates associated with a name 1947-
245 10 - TITLE STATEMENT
Title Psychiatric & mental health nursing for Canadian practice /
Statement of responsibility, etc. Wendy Austin, Mary Ann Boyd.
250 ## - EDITION STATEMENT
Edition statement 2nd ed.
260 ## - PUBLICATION, DISTRIBUTION, ETC.
Place of publication, distribution, etc. Philadelphia :
Name of publisher, distributor, etc. Wolters Kluwer/Lippincott Williams & Wilkins,
Date of publication, distribution, etc. c2010.
300 ## - PHYSICAL DESCRIPTION
Extent xxiv, 1027 p. :
Other physical details ill. (some col.) ;
Dimensions 29 cm. +
Accompanying material 1 CD-ROM (4 3/4 in.)
500 ## - GENERAL NOTE
General note Rev. ed. of: Psychiatric nursing for Canadian practice / Wendy Austin, Mary Ann Boyd.
504 ## - BIBLIOGRAPHY, ETC. NOTE
Bibliography, etc. note Includes bibliographical references and index.
650 #0 - SUBJECT ADDED ENTRY--TOPICAL TERM
Topical term or geographic name entry element Psychiatric nursing
Geographic subdivision Canada.
650 12 - SUBJECT ADDED ENTRY--TOPICAL TERM
Topical term or geographic name entry element Psychiatric Nursing
General subdivision methods
Geographic subdivision Canada.
650 22 - SUBJECT ADDED ENTRY--TOPICAL TERM
Topical term or geographic name entry element Mental Disorders
General subdivision nursing
Geographic subdivision Canada.
700 1# - ADDED ENTRY--PERSONAL NAME
Personal name Boyd, M.
Fuller form of name (Mary Ann)
700 1# - ADDED ENTRY--PERSONAL NAME
Personal name Austin, Wendy,
Dates associated with a name 1947-
Title of a work Psychiatric nursing for Canadian practice.
906 ## - LOCAL DATA ELEMENT F, LDF (RLIN)
a 7
b cbc
c orignew
d 1
e ecip
f 20
g y-gencatlg
942 ## - ADDED ENTRY ELEMENTS (KOHA)
Source of classification or shelving scheme
Koha item type Book
Suppress in OPAC MM
Holdings
Withdrawn status Lost status Source of classification or shelving scheme Damaged status Not for loan Permanent Location Current Location Shelving location Date acquired Total Checkouts Full call number Barcode Date last seen Price effective from Koha item type Public note
          AU LIBRARY AU LIBRARY Open Shelf 08.07.2021   RC440 .A87 2010 28004031 08.07.2021 08.07.2021 Book MM

Powered by Koha